| 000 | 00663nam a2200253Ia 4500 | ||
|---|---|---|---|
| 001 | 4266 | ||
| 005 | 20240113233724.0 | ||
| 007 | ta | ||
| 008 | 050610s1963 g b000 u hin u | ||
| 020 | _cHB | ||
| 040 | _aCotton College,Assam | ||
| 041 | _ahin | ||
| 082 |
_a891.43109 _bB 469 D |
||
| 100 | _aBhati , Desh Raj Singh . | ||
| 245 | 0 |
_aDinkar aur Unki Ubarshi / _cDesh Raj Singh Bhati. _hTextual Documents |
|
| 250 | _a1st ed. / | ||
| 260 |
_aDelhi : _bAshok prakashan , _c1963. |
||
| 300 |
_a424p. ; _c19cm. |
||
| 653 | _aHindi poetry-Criticism | ||
| 653 | _aGen-Hindi | ||
| 942 |
_2ddc _cBK |
||
| 999 |
_c4253 _d4253 |
||